| 000 | 00424pab a2200145 454500 | ||
|---|---|---|---|
| 008 | 180718b1997 xxu||||| |||| 00| 0 eng d | ||
| 100 | _aEdwards, Michael | ||
| 245 | _aOrganizational learning in non-governmental organizations: what have we learned | ||
| 260 | _c1997 | ||
| 300 | _ap.235-50 | ||
| 362 | _aMay | ||
| 650 | _aNongovernmental organizations | ||
| 773 | _aPublic Administration and Development | ||
| 909 | _a34641 | ||
| 999 |
_c34641 _d34641 |
||